Σκέψεις για τη φωτογραφία : μια προσωπική ανάγνωση της ιστορίας της.

Αποθηκεύτηκε σε:
Λεπτομέρειες βιβλιογραφικής εγγραφής
Κύριος συγγραφέας: Ριβέλλης, Πλάτων, 1945-
Μορφή: Βιβλίο
Γλώσσα:Greek
Δημοσίευση: Αθήνα : Φωτοχώρος, 1998.
Έκδοση:2η έκδ.
Θέματα:
Ετικέτες: Προσθήκη ετικέτας
Δεν υπάρχουν, Καταχωρήστε ετικέτα πρώτοι!

MARC

LEADER 00000cam a2200000 i 4500
001 1/22121
008 011003s1998 gr | ||| |||| ||gre||
020 |a 9607404009 
035 |l 10067419 
040 |a GR-MyUa  |b gre  |e AACR2 
041 0 |a gre 
082 7 |a 770   |2 (22) 
100 1 |a Ριβέλλης, Πλάτων,   |d 1945- 
245 1 0 |a Σκέψεις για τη φωτογραφία :   |b μια προσωπική ανάγνωση της ιστορίας της. 
250 |a 2η έκδ. 
260 |a Αθήνα :   |b Φωτοχώρος,   |c 1998. 
300 |a 323 σ. :   |b εικ. ;   |c 24 εκ. 
504 |a Περιλαμβάνει βιβλιογραφία και ευρετήριο. 
650 0 |a Photography, Artistic. 
852 |a INST  |b SYROS  |e 20011003  |h 770 ΡΙΒ  |p 005500000985  |q 005500000985  |t BK  |y 0 
901 |a BIBL5-2001-3 
970 |a Κρητικού  |b Θωμαΐς  |z 03/10/2001